000 00930nam a2200253 a 4500
001 000873612
003 AM-YeHGA
005 20250617145225.0
008 120312s1977 ||||||||r|||||000|0|rus|d
040 _aAM-YeHGA
041 0 _arus
245 1 0 _aХроническая пневмония /
_cБ.Х. Ахметова, Р.Т. Ахметов.
260 _aУфа :
_bБашкирское кн. изд-во,
_c1977.
300 _a176 с. :
_bил. ;
_c20 см.
504 _aБиблиогр.: с. 173-147
650 1 4 _aХронические неспецифические болезни легких
650 1 4 _aПневмония
_xДиагностика
_xТерапия
650 1 4 _aРентгенодиагностика
650 1 4 _aСпирометрия
650 1 4 _aЭКГ
650 1 4 _aЛечебные методы
700 1 _aАхметов, Ремаль Тимерзяновна
090 _c310023
999 _c308312
_d308312